[Event "Open"]
[Site "Pula CRO"]
[Date "2009.06.28"]
[Round "2"]
[White "Saric,A"]
[Black "Luca,I"]
[Result "1-0"]
[WhiteElo "2502"]
[BlackElo "2159"]
[EventDate "2009.06.27"]

1. d4 Nf6 2. c4 e6 3. g3 c5 4. d5 b5 5. dxe6 fxe6 6. Bg2 d5 7. cxd5 Bb7 8.
Bg5 Qa5+ 9. Bd2 Qb6 10. e4 c4 11. Nh3 Bc5 12. O-O Nbd7 13. Nc3 exd5 14.
exd5 O-O 15. b3 Ne5 16. Rb1 Nfg4 17. Be1 cxb3 18. Rxb3 Qa6 19. Nxb5 Qxa2
20. Nc7 Rab8 21. Rxb7 Rxb7 22. d6 Rb1 23. Qd5+ Qxd5 24. Bxd5+ Kh8 25. Ne6
Bxd6 26. Nxf8 Bxf8 27. Bc3 Rxf1+ 28. Kxf1 Bc5 29. Ng5 Nf6 30. Bxe5 Nxd5 31.
Bxg7+ Kxg7 32. Ne6+ Kf6 33. Nxc5 Ke5 34. Ke2 Kd4 35. Nb7 Ke4 36. f3+ Kd4
37. f4 Ke4 38. Nd6+ Kd4 39. Nb5+ Kc5 40. Nxa7 Kb6 41. Kd3 Kxa7 42. Ke4 Nc7
43. Ke5 Kb7 44. Kf6 Kc8 45. Kg7 Kd7 46. Kxh7 Ke7 47. Kg6 Kf8 48. f5 Kg8 49.
h4 Nd5 50. f6 Nc7 51. g4 Ne6 52. g5 Kf8 53. h5 Nf4+ 54. Kh6 Nd5 55. Kg6
Nf4+ 56. Kh6 Nd5 57. Kh7 Nxf6+ 58. gxf6 Kf7 59. h6 1-0

[Event "Open"]
[Site "Pula CRO"]
[Date "2009.06.28"]
[Round "2"]
[White "Pfaffel,T"]
[Black "Tratar,M"]
[Result "1/2-1/2"]
[WhiteElo "2158"]
[BlackElo "2488"]
[EventDate "2009.06.27"]

1. e4 c5 2. Nf3 Nc6 3. d4 cxd4 4. Nxd4 Qb6 5. Nb3 Nf6 6. Nc3 e6 7. Be3 Qc7
8. a3 a6 9. f4 d6 10. Be2 b5 11. Bf3 Bb7 12. Qe2 Be7 13. g4 O-O 14. O-O
Rfe8 15. g5 Nd7 16. Qf2 Bf8 17. Bg2 Rac8 18. Kh1 g6 19. Rad1 Bg7 20. Qd2
Nb6 21. Bxb6 Qxb6 22. Qxd6 Bxc3 23. bxc3 Red8 24. Qc5 Qxc5 25. Nxc5 Rxd1
26. Rxd1 Na5 27. Nd7 Kg7 28. Nf6 h6 29. h4 Nc4 30. Rd7 Bc6 31. Ra7 hxg5 32.
hxg5 Nxa3 33. e5 Bxg2+ 34. Kxg2 Nxc2 35. Rxa6 Ne3+ 36. Kh2 Nd1 37. Rb6 Nxc3
38. Kg3 Ra8 39. Rb7 Rd8 40. Kg2 Nd5 41. Kf3 Nc3 1/2-1/2

[Event "Open"]
[Site "Pula CRO"]
[Date "2009.06.28"]
[Round "2"]
[White "Martinovic,Sa"]
[Black "Vasic,Bo"]
[Result "1-0"]
[WhiteElo "2483"]
[BlackElo "2158"]
[EventDate "2009.06.27"]

1. d4 d5 2. c4 e6 3. Nc3 Nf6 4. cxd5 exd5 5. Bg5 Be7 6. e3 O-O 7. Bd3 c6 8.
Qc2 h6 9. Bh4 Na6 10. a3 c5 11. Bxa6 bxa6 12. dxc5 Be6 13. Nge2 Bxc5 14.
Rd1 Rc8 15. Qa4 g5 16. Bg3 Qb6 17. b4 Be7 18. Be5 Rfd8 19. h4 Qb7 20. hxg5
hxg5 21. Qc2 d4 22. exd4 Qxg2 23. Rg1 Qh3 24. Rxg5+ Kf8 25. Rd3 Qh7 26. Ng3
Bc4 27. Rf5 Ng4 28. Rh5 Nxe5 29. Rxh7 Bxd3 30. Qd1 Bxh7 31. Qh5 Nf3+ 32.
Qxf3 Rxd4 33. Qh5 Rh4 34. Qe5 f6 35. Qe3 Bd6 36. Kf1 Be5 37. Nd5 Re8 38.
Qc5+ Kf7 39. Qxa7+ Kg6 40. Qd7 Rf8 41. Ne7+ Kg5 42. Nef5 Bxf5 43. Qg7+ Bg6
44. Qxf8 f5 45. Qd8+ Kg4 46. Kg2 Rh8 47. f3+ Kf4 48. Qd2+ 1-0

[Event "Open"]
[Site "Pula CRO"]
[Date "2009.06.28"]
[Round "2"]
[White "Ascic,A"]
[Black "Sebenik,M"]
[Result "0-1"]
[WhiteElo "2156"]
[BlackElo "2482"]
[EventDate "2009.06.27"]

1. d4 Nf6 2. c4 g6 3. Nc3 Bg7 4. e4 d6 5. Be2 O-O 6. Bg5 Na6 7. Qd2 e5 8.
d5 c6 9. Rb1 cxd5 10. cxd5 Nc5 11. f3 Bd7 12. b4 Na4 13. Nxa4 Bxa4 14. Bd3
Qd7 15. Ne2 Bb5 16. O-O Rfc8 17. Rfc1 Bxd3 18. Qxd3 Ne8 19. Be3 a6 20. Rxc8
Rxc8 21. Rc1 Rxc1+ 22. Nxc1 f5 23. Ne2 fxe4 24. fxe4 Qa4 25. Qc4 h5 26. h3
Kh7 27. Bg5 a5 28. Nc3 Qxb4 29. Qxb4 axb4 30. Nb5 Bh6 31. h4 Bxg5 32. hxg5
h4 33. Kf2 Kg7 34. Ke3 Kf7 35. Kd3 Ke7 36. Kc4 Ng7 37. Kxb4 Nh5 38. Ka5 Nf4
39. Kb6 Nxg2 40. Nc3 Nf4 41. Nd1 Nd3 42. Ne3 h3 43. Ng4 Nc5 44. a3 Kd7 0-1

[Event "Open"]
[Site "Pula CRO"]
[Date "2009.06.28"]
[Round "2"]
[White "Fercec,N"]
[Black "Bebchuk,L"]
[Result "1-0"]
[WhiteElo "2478"]
[BlackElo "2145"]
[EventDate "2009.06.27"]

1. e4 e5 2. Nf3 Nf6 3. d4 Nxe4 4. Bd3 d5 5. dxe5 Be7 6. O-O Nc6 7. h3 Bf5
8. c3 Bg6 9. Qc2 O-O 10. Be3 Qd7 11. Nbd2 Nxd2 12. Bxd2 Rae8 13. Rae1 Bc5
14. b4 Bb6 15. a3 a6 16. Bf4 Nd8 17. Nh4 Ne6 18. Bc1 Bxd3 19. Qxd3 Qb5 20.
Qg3 Kh8 21. Kh1 d4 22. f4 dxc3 23. f5 Nd4 24. f6 gxf6 25. Bh6 Rg8 26. Qf4
Qc6 27. exf6 Ne6 28. Qe5 Bd4 29. Bg7+ Rxg7 30. fxg7+ Kg8 31. Qh5 Nd8 32.
Rxe8+ Qxe8 33. Nf5 Be5 34. Qg5 h5 35. Qh6 1-0

[Event "Open"]
[Site "Pula CRO"]
[Date "2009.06.28"]
[Round "2"]
[White "Bazant,J"]
[Black "Doric,D"]
[Result "0-1"]
[WhiteElo "2152"]
[BlackElo "2468"]
[EventDate "2009.06.27"]

1. d4 d5 2. Nf3 c6 3. Bg5 Qb6 4. Nbd2 Qxb2 5. e4 e6 6. exd5 exd5 7. Bd3 h6
8. Bh4 Be7 9. O-O Qa3 10. Qe2 Be6 11. c4 Bxh4 12. cxd5 cxd5 13. Nxh4 Qe7
14. Ng6 fxg6 15. Rfe1 Kf7 16. Nf3 Nc6 17. Rac1 Bf5 18. Qd1 Qd6 19. Bxf5
gxf5 20. Rxc6 bxc6 21. Ne5+ Kf8 22. Qh5 g6 23. Nxg6+ Kg7 24. Nxh8 Kxh8 25.
Qxf5 Rf8 26. Qc2 Rf4 27. g3 Rxd4 28. Qf5 Qf6 29. Qxf6+ Nxf6 30. Re6 Kg7 31.
Rxc6 Ra4 0-1

[Event "Open"]
[Site "Pula CRO"]
[Date "2009.06.28"]
[Round "2"]
[White "Marceta,M"]
[Black "Rukavina,J"]
[Result "0-1"]
[WhiteElo "2142"]
[BlackElo "2423"]
[EventDate "2009.06.27"]

1. e4 g6 2. Nf3 d6 3. Bc4 Nf6 4. Nc3 Bg7 5. h3 O-O 6. d3 c6 7. O-O b5 8.
Bb3 Nbd7 9. a4 b4 10. Ne2 e5 11. Ng3 Nc5 12. Bc4 Be6 13. Be3 Bxc4 14. Bxc5
dxc5 15. dxc4 Qe7 16. Qe2 Ne8 17. b3 Nc7 18. Rad1 Bh6 19. Nh2 Ne6 20. Qg4
Bg5 21. Nf5 gxf5 22. exf5 Ng7 23. Nf3 Bf6 24. Rde1 Qd7 25. Nxe5 Qxf5 26.
Nd7 Bc3 27. Re4 Qxg4 28. Rxg4 Rfe8 29. Nxc5 Rad8 30. Nd3 Re2 31. Rc1 Kh8
32. Rg3 Ne6 33. Kf1 Rd2 34. Re3 Kg7 35. g4 Nd4 36. Ne1 Kf8 37. h4 Bb2 38.
Rb1 Nxc2 39. Re2 Rxe2 40. Kxe2 Re8+ 41. Kf1 Rxe1+ 42. Rxe1 Nxe1 43. Kxe1
Ke7 44. Ke2 Ke6 45. f4 Bf6 46. h5 a5 47. Kf3 Bb2 48. Ke3 Bc1+ 49. Kf3 h6
50. Ke4 c5 51. g5 hxg5 52. f5+ Kf6 53. h6 g4 0-1

[Event "Open"]
[Site "Pula CRO"]
[Date "2009.06.28"]
[Round "2"]
[White "Franic,M"]
[Black "Kadric,D"]
[Result "1-0"]
[WhiteElo "2421"]
[BlackElo "2133"]
[EventDate "2009.06.27"]

1. d4 Nf6 2. c4 g6 3. Nc3 Bg7 4. e4 d6 5. Be2 O-O 6. Bg5 Na6 7. Nf3 Qe8 8.
O-O e5 9. d5 h6 10. Bd2 Nd7 11. Qc1 Kh7 12. g4 Ndc5 13. Nh4 Qe7 14. Ng2 f5
15. f3 Bd7 16. Be3 fxg4 17. fxg4 Rxf1+ 18. Qxf1 Rf8 19. Qe1 Bf6 20. Rb1 Nb4
21. Qd1 Bc8 22. a3 Nba6 23. b4 Nd7 24. Nb5 Bg5 25. Nxa7 Bxe3+ 26. Nxe3 Qg5
27. Ng2 Nb6 28. Nxc8 Nxc8 29. Qc1 Qd8 30. c5 dxc5 31. bxc5 Qf6 32. Qe3 Qe7
33. c6 Nc5 34. cxb7 Nb6 35. a4 Nxb7 36. Ba6 Nc5 37. a5 Nxd5 38. exd5 Nxa6
39. h4 Qd6 40. Qa7 Rf6 41. Rd1 e4 42. Qd4 Nc5 43. Rc1 Nb3 44. Rxc7+ Qxc7
45. Qxf6 Nxa5 46. d6 Qa7+ 47. Kh2 Nc4 48. Qe6 Qc5 49. d7 1-0

[Event "Open"]
[Site "Pula CRO"]
[Date "2009.06.28"]
[Round "2"]
[White "Palmi,H"]
[Black "Zivkovic,Vj"]
[Result "0-1"]
[WhiteElo "2134"]
[BlackElo "2413"]
[EventDate "2009.06.27"]

1. Nf3 Nf6 2. b4 d5 3. e3 Bg4 4. Bb2 Nbd7 5. c4 c6 6. Qb3 e6 7. Na3 Bd6 8.
cxd5 cxd5 9. Nb5 Bb8 10. h3 Bxf3 11. gxf3 O-O 12. h4 e5 13. Nc3 Nb6 14. a4
d4 15. Ne4 Nbd5 16. exd4 exd4 17. Bxd4 Re8 18. d3 Be5 19. Bxe5 Rxe5 20. Qb2
Qe7 21. Rb1 Nxe4 22. fxe4 Rxe4+ 23. dxe4 Qxe4+ 24. Kd2 Qxh1 25. Qd4 Nf6 26.
Bd3 Qc6 27. b5 Qc7 28. Rg1 Kh8 29. h5 Rd8 30. Qxa7 Qc4 31. Qe3 Qa2+ 32. Kc1
Rc8+ 0-1

[Event "Open"]
[Site "Pula CRO"]
[Date "2009.06.28"]
[Round "2"]
[White "Barle,J"]
[Black "Frisk,E"]
[Result "1-0"]
[WhiteElo "2411"]
[BlackElo "2131"]
[EventDate "2009.06.27"]

1. e4 e6 2. Nf3 d5 3. Nc3 Nf6 4. e5 Nfd7 5. d4 c5 6. Bb5 Nc6 7. O-O Be7 8.
dxc5 O-O 9. Bf4 Bxc5 10. Bd3 f6 11. exf6 Nxf6 12. Qe2 Bd7 13. a3 Qe7 14.
Rae1 a6 15. Ne5 Rae8 16. Qd2 Bc8 17. b4 Bd6 18. Nxc6 bxc6 19. Bxd6 Qxd6 20.
Na4 e5 21. Nb6 Bb7 22. Qc3 e4 23. Be2 Rf7 24. Qd4 Qf4 25. c4 Ref8 26. Rc1
Qg5 27. Rc3 Nd7 28. cxd5 cxd5 29. Nxd7 Rxd7 30. b5 Qf6 31. Qxf6 Rxf6 32. a4
d4 33. Bc4+ Kf8 34. Rb3 Ke7 35. Re1 axb5 36. Bxb5 Rc7 37. h3 Kd6 38. Rb4
Ke5 39. Bd3 Rc3 40. Rb5+ Kd6 41. Bxe4 Bxe4 42. Rxe4 Rc1+ 43. Kh2 Rxf2 44.
Rxd4+ Kc6 45. Rh5 h6 46. Rg4 Rf7 47. Rg6+ Kb7 48. Rb5+ Ka7 49. Rg4 Ra1 50.
h4 Ka6 51. Re5 Ra2 52. Rg6+ Kb7 53. Re4 Ka7 54. Reg4 Kb8 55. Rxg7 Rxg7 56.
Rxg7 Rxa4 57. Kh3 Ra6 58. h5 Ra5 59. g4 Kc8 60. Rg6 Kd8 61. Rxh6 Ke7 62.
Kh4 Kf7 63. Rh7+ Kg8 64. Rb7 Ra4 65. h6 Kh8 66. Kh5 Ra8 67. g5 Ra5 68. Re7
Rb5 69. Kg6 Rb6+ 70. Kf5 Rb5+ 71. Kf6 Rb6+ 72. Re6 Rb8 73. g6 Ra8 74. Rd6
Rb8 75. Ke7 1-0

[Event "Open"]
[Site "Pula CRO"]
[Date "2009.06.28"]
[Round "2"]
[White "Dinter,B"]
[Black "Ljubicic,F"]
[Result "0-1"]
[WhiteElo "2130"]
[BlackElo "2406"]
[EventDate "2009.06.27"]

1. d4 Nf6 2. Nf3 e6 3. Bf4 c5 4. e3 Qb6 5. Nc3 Nh5 6. Be5 Nc6 7. Nd2 cxd4
8. Nc4 Qd8 9. exd4 Nf6 10. Nb5 Nd5 11. Ncd6+ Bxd6 12. Nxd6+ Kf8 13. Qh5 Qe7
14. c4 Nf6 15. Qh4 Ne8 16. Qxe7+ Kxe7 17. c5 f6 18. Bg3 Nxd4 19. O-O-O Nc6
20. Nc4 b6 21. cxb6 d5 22. Ne3 axb6 23. Bb5 Na7 24. Ba4 Bb7 25. Rhe1 Kf7
26. Kb1 Nc6 27. Bb3 Na5 28. Ba4 Bc6 29. Bxc6 Nxc6 30. a3 h5 31. Rc1 Nd4 32.
f3 h4 33. Bf2 h3 34. Ng4 Nb3 35. Rc6 hxg2 36. Rcxe6 Nd2+ 37. Kc2 Nxf3 38.
Bxb6 Nxe1+ 39. Rxe1 Rh4 40. Ne3 Rxh2 41. Rg1 Ra6 42. Nxd5 Nd6 43. Be3 Nf5
44. Bf4 Rh4 45. Rxg2 Rxf4 46. Nxf4 Ne3+ 47. Kd3 Nxg2 48. Nxg2 f5 49. Ne3
Kf6 50. Nc4 g5 51. b4 g4 52. b5 Ra8 53. b6 g3 54. Ke2 f4 55. Kf3 Rg8 56.
Kg2 f3+ 57. Kg1 g2 0-1

[Event "Open"]
[Site "Pula CRO"]
[Date "2009.06.28"]
[Round "2"]
[White "Nester,I"]
[Black "Saradjen,J"]
[Result "0-1"]
[WhiteElo "2390"]
[BlackElo "2128"]
[EventDate "2009.06.27"]

1. Nf3 g6 2. c4 Bg7 3. d4 d6 4. g3 Nc6 5. d5 Ne5 6. Nxe5 Bxe5 7. Bg2 Bg7 8.
O-O Bd7 9. Qd3 c6 10. Nc3 Nf6 11. dxc6 bxc6 12. e4 O-O 13. c5 dxc5 14. Be3
Qc8 15. Bxc5 Re8 16. Rfd1 Bh3 17. Rac1 Bxg2 18. Kxg2 Qc7 19. f3 Red8 20.
Qa6 Rxd1 21. Rxd1 Rb8 22. Qa3 Rb7 23. Na4 h5 24. Qd3 Rb8 25. Be3 Qa5 26. b3
Re8 27. Qc4 Qb5 28. Rc1 Rd8 29. Kf2 h4 30. g4 Qe5 31. Kg2 Nd5 32. Qe2 Nf4+
33. Bxf4 Qxf4 34. Rc2 h3+ 35. Kf1 Bd4 36. Nb2 Bb6 37. Nc4 Bd4 38. Na5 c5
39. Nc4 e6 40. Rd2 Kf8 41. Rc2 f5 42. gxf5 Qg5 43. Ke1 exf5 44. Qf1 Qh4+
45. Ke2 Kg7 46. e5 Qf4 47. Ke1 Bxe5 48. Qe2 Bf6 49. Kf1 Rd7 50. Rd2 Re7 51.
Qd3 Bd4 0-1

[Event "Open"]
[Site "Pula CRO"]
[Date "2009.06.28"]
[Round "2"]
[White "Schmidt Schaeffer,S"]
[Black "Jelecevic,I"]
[Result "1/2-1/2"]
[WhiteElo "2382"]
[BlackElo "2123"]
[EventDate "2009.06.27"]

1. f4 c5 2. Nf3 Nf6 3. b3 g6 4. e3 Bg7 5. Be2 O-O 6. O-O d6 7. Bb2 Nc6 8.
Na3 a6 9. d4 Ng4 10. Qd2 Qc7 11. Rad1 b5 12. c4 b4 13. Nc2 a5 14. Qc1 cxd4
15. exd4 Bf5 16. Ne3 Nxe3 17. Qxe3 Rfe8 18. Nh4 Bd7 19. f5 a4 20. Qf4 Rf8
21. c5 e5 22. dxe5 dxe5 23. Qd2 Nd4 24. Bxd4 exd4 25. f6 Bh8 26. Qxd4 Be6
27. Qd6 Qxd6 28. Rxd6 Rfc8 29. c6 g5 30. Nf5 Bxf6 31. Bc4 Bxc4 32. bxc4 Bd8
33. Nh6+ Kh8 34. Nxf7+ Kg7 35. Nxd8 Rxd8 36. Rxd8 Rxd8 37. Rb1 Rc8 38. Rxb4
Rxc6 39. Rxa4 Kf6 40. Kf2 Rb6 41. g4 Rb2+ 42. Ke3 Rxh2 43. Ra6+ Ke7 44. a4
h5 45. gxh5 Rxh5 1/2-1/2

[Event "Open"]
[Site "Pula CRO"]
[Date "2009.06.28"]
[Round "2"]
[White "Petran,Pe"]
[Black "Draganic,S"]
[Result "0-1"]
[WhiteElo "2365"]
[BlackElo "2113"]
[EventDate "2009.06.27"]

1. g3 g6 2. Bg2 Bg7 3. e4 d6 4. d4 Nd7 5. Ne2 e5 6. Nbc3 Ne7 7. Be3 O-O 8.
Qd2 exd4 9. Bxd4 Ne5 10. O-O N7c6 11. Rad1 Bg4 12. f3 Nxd4 13. Nxd4 Bd7 14.
b3 Nc6 15. Nce2 Nxd4 16. Nxd4 Qf6 17. Rfe1 Qxd4+ 18. Qxd4 Bxd4+ 19. Rxd4
Bc6 20. Kf2 f6 21. Bf1 Kg7 22. b4 a6 23. a3 Rf7 24. Bc4 Re7 25. Red1 Rae8
26. R1d2 Rf8 27. Bd5 Bxd5 28. Rxd5 Re5 29. c4 Rxd5 30. Rxd5 Kf7 31. Ke3 Ke6
32. f4 f5 33. Kf3 c6 34. Rd2 fxe4+ 35. Kxe4 b5 36. Kd4 bxc4 37. Kxc4 Rf5
38. Re2+ Kd7 39. Kd4 Rd5+ 40. Ke4 a5 41. Ra2 Rb5 42. bxa5 Rxa5 43. a4 Ke6
44. Kd4 c5+ 45. Kc3 d5 46. Kb3 Kd6 47. g4 Ra7 48. a5 c4+ 49. Kb4 Rb7+ 50.
Ka4 Kc5 51. a6 Ra7 52. Ka5 c3 53. Re2 Rf7 54. Re8 Rc7 55. Re2 d4 56. Re5+
Kd6 0-1

[Event "Open"]
[Site "Pula CRO"]
[Date "2009.06.28"]
[Round "2"]
[White "Antunovic,I"]
[Black "Plenkovic,Z"]
[Result "1/2-1/2"]
[WhiteElo "2117"]
[BlackElo "2365"]
[EventDate "2009.06.27"]

1. g3 Nf6 2. Bg2 d5 3. Nf3 g6 4. O-O Bg7 5. d3 O-O 6. Nc3 c5 7. e4 Nc6 8.
Nxd5 Nxd5 9. exd5 Qxd5 10. Nd2 Qd7 11. a4 Qc7 12. Nc4 Be6 13. Bf4 Qd7 14.
Re1 Bd5 15. Ne5 Bxe5 16. Bxe5 Bxg2 17. Kxg2 Qd5+ 18. Qf3 Qxf3+ 19. Kxf3 f6
20. Bc3 Kf7 21. Re4 Rfd8 22. Rh4 h5 23. Rc4 Rd5 24. Re1 Rad8 25. Kg2 R8d7
26. f4 g5 27. fxg5 Rxg5 28. Rf4 Rdd5 29. Ref1 Kg6 30. R1f2 Rg4 31. h3 Rxf4
32. Rxf4 e5 33. Rf2 Rd7 34. g4 hxg4 35. hxg4 Rh7 36. Kf3 Rh3+ 37. Ke4 Rg3
38. Kd5 Rxg4 39. a5 Kf7 40. Kxc5 Ra4 41. b4 Ke6 42. Rh2 Ne7 43. Kc4 Nd5 44.
Kb3 Nxc3 45. Kxc3 b6 46. axb6 axb6 47. Rh8 Kd5 48. Rd8+ Ke6 49. Rb8 f5 50.
Rxb6+ Kd5 51. Rb5+ Kd6 52. Rb8 f4 53. Rf8 Kd5 54. Rd8+ Ke6 55. Rf8 Kd5 56.
Rd8+ Ke6 57. Rf8 1/2-1/2

[Event "Open"]
[Site "Pula CRO"]
[Date "2009.06.28"]
[Round "2"]
[White "Logar,M"]
[Black "Brumen,D"]
[Result "0-1"]
[WhiteElo "2111"]
[BlackElo "2355"]
[EventDate "2009.06.27"]

1. e4 c6 2. d4 d5 3. e5 Bf5 4. Nf3 e6 5. Be2 Nd7 6. O-O Bg6 7. c4 dxc4 8.
Bxc4 Ne7 9. Nc3 Nd5 10. Bg5 Be7 11. Bxe7 Qxe7 12. Nxd5 exd5 13. Bd3 Bh5 14.
Re1 O-O-O 15. Re3 Kb8 16. Rc1 c5 17. Be2 c4 18. b3 Bxf3 19. Bxf3 Nb6 20.
Rec3 f6 21. Re3 fxe5 22. Rxe5 Qa3 23. bxc4 dxc4 24. Rc2 Qd6 25. Rd2 Rhe8
26. Re3 Nd5 27. Bxd5 Qxd5 28. Qe2 Rxe3 29. fxe3 Re8 30. Rc2 b5 31. a4 a6
32. axb5 axb5 33. Rb2 Re7 34. Qf2 Rf7 35. Rxb5+ Qxb5 36. Qxf7 c3 37. Qf8+
Kc7 38. Qe7+ Kc8 39. Qe6+ Kd8 40. Qd6+ Qd7 41. Qb8+ Qc8 42. Qb6+ Qc7 43.
Qb1 c2 44. Qc1 Qc3 45. Kf1 Kd7 46. Ke2 Kc6 47. e4 h6 48. h3 g5 49. g4 Kd6
50. h4 gxh4 51. Qxh6+ Kc7 52. Qg7+ Kb6 53. Qf6+ Qc6 54. Qd8+ Qc7 55. Qf6+
Kb7 0-1

[Event "Open"]
[Site "Pula CRO"]
[Date "2009.06.28"]
[Round "2"]
[White "Schachinger,M"]
[Black "Stocko,J"]
[Result "1-0"]
[WhiteElo "2350"]
[BlackElo "2100"]
[EventDate "2009.06.27"]

1. e4 c5 2. Nf3 d6 3. d4 cxd4 4. Nxd4 Nf6 5. Nc3 a6 6. Be3 e5 7. Nb3 Be7 8.
f3 Be6 9. Qd2 Nbd7 10. g4 b5 11. g5 Nh5 12. O-O-O O-O 13. Kb1 Nb6 14. Nd5
Bxd5 15. exd5 Rc8 16. Na5 Qc7 17. Bh3 Rb8 18. Nc6 Nc4 19. Qf2 Nxe3 20. Qxe3
Rb7 21. Bf5 Nf4 22. h4 g6 23. Be4 f5 24. gxf6 Bxf6 25. Rh2 Qb6 26. Qd2 Nh5
27. a3 Bg7 28. Qb4 Qc7 29. Rg1 Rf6 30. Rd2 Bh6 31. Rdd1 Bf4 32. Rd3 Qb6 33.
Qe1 Rbf7 34. Rb3 Qc7 35. Rc3 Qb6 36. Rg2 Bh6 37. Nb4 Qb7 38. Rc6 Nf4 39.
Rh2 a5 40. Na6 Qa7 41. Rh1 Qd4 42. Qxa5 Nxd5 43. Rc8+ Bf8 44. Qxb5 Nb6 45.
c3 Qe3 46. Rc6 d5 47. Rxf6 Rxf6 48. Bxd5+ Nxd5 49. Qxd5+ Kg7 50. Nc7 Rxf3
51. Ne6+ Kh6 52. Qd8 Qe4+ 53. Ka1 Rf5 54. Qg5+ 1-0

[Event "Open"]
[Site "Pula CRO"]
[Date "2009.06.28"]
[Round "2"]
[White "Rattinger,T"]
[Black "Doric,N"]
[Result "0-1"]
[WhiteElo "2106"]
[BlackElo "2344"]
[EventDate "2009.06.27"]

1. e4 c6 2. d4 d5 3. exd5 cxd5 4. Bd3 Nc6 5. c3 Nf6 6. Bf4 g6 7. Nd2 Bg7 8.
Qc2 O-O 9. Ngf3 Nh5 10. Bg3 Nxg3 11. hxg3 e5 12. dxe5 Nxe5 13. Nxe5 Bxe5
14. O-O-O Qa5 15. Nb3 Qxa2 16. f4 Bg7 17. f5 d4 18. fxg6 hxg6 19. Bxg6 fxg6
20. Nxd4 Bf5 0-1

[Event "Open"]
[Site "Pula CRO"]
[Date "2009.06.28"]
[Round "2"]
[White "Csonka,A1"]
[Black "Foldi,K"]
[Result "1/2-1/2"]
[WhiteElo "2327"]
[BlackElo "2098"]
[EventDate "2009.06.27"]

1. e4 c5 2. Nf3 e6 3. b3 Nc6 4. Bb2 Nf6 5. Qe2 Be7 6. g3 O-O 7. Bg2 b6 8.
O-O Bb7 9. d4 d5 10. exd5 Nxd5 11. c4 Nf6 12. Rd1 cxd4 13. Nxd4 Nxd4 14.
Rxd4 Qc8 15. Nc3 Bxg2 16. Kxg2 Qc6+ 17. Qf3 Qxf3+ 18. Kxf3 Rfd8 19. Rad1
Kf8 20. Nb5 Rxd4 21. Bxd4 Ne8 22. Be3 a6 23. Nc3 b5 24. cxb5 axb5 25. Nxb5
Rxa2 26. Rd7 Rb2 27. Nd4 Bf6 28. Rb7 Nd6 29. Rb6 Ke7 30. Nc6+ Kd7 31. Bc5
Nc4 32. Nb8+ Kc8 33. bxc4 Rxb6 34. Bxb6 Kxb8 35. Ke4 Be7 36. Bd4 f6 37. h4
Kc7 38. h5 Kc6 39. g4 g6 40. f3 Kd7 41. Bb2 Kc6 42. hxg6 hxg6 43. g5 f5+
44. Ke5 Bxg5 45. Kxe6 Bh4 46. Bf6 Bg3 47. Kf7 Kc5 48. Kxg6 f4 49. Kf5 Kxc4
50. Be5 Kd5 51. Bxf4 Bf2 52. Bc1 Bg3 53. Be3 Be5 54. Bg5 Bg3 55. Kg4 Be5
56. Bf4 Bd4 57. Bd2 Ke6 58. f4 Kf7 1/2-1/2

[Event "Open"]
[Site "Pula CRO"]
[Date "2009.06.28"]
[Round "2"]
[White "Malano,F"]
[Black "Feletar,D"]
[Result "0-1"]
[WhiteElo "1906"]
[BlackElo "2382"]
[EventDate "2009.06.27"]

1. f4 c5 2. b3 Nf6 3. Bb2 d6 4. Nf3 g6 5. e4 Bg7 6. d3 O-O 7. g3 Nc6 8. Qe2
Qa5+ 9. Bc3 Qc7 10. a4 e5 11. fxe5 dxe5 12. Na3 Nd4 13. Qd1 Ng4 14. Bd2 f5
15. Bg2 fxe4 16. dxe4 Be6 17. O-O Rad8 18. Ng5 Bc8 19. c3 Nc6 20. Qe2 Nf6
21. Be3 b6 22. Bh3 Bxh3 23. Nxh3 h6 24. Kg2 Kh7 25. Bg1 Na5 26. Qc2 Qc6 27.
Rae1 Qe6 28. c4 Nc6 29. Nb5 Nb4 30. Qe2 Rd3 31. Rf3 Rxf3 32. Qxf3 Nc2 33.
Rd1 Nd4 34. Qd3 Ng4 35. Bxd4 cxd4 36. Nc7 Qc8 37. Nd5 Qc5 38. Re1 Qa3 39.
Qc2 Kg8 40. Qd1 h5 41. Re2 Bh6 42. Ng1 Ne3+ 43. Nxe3 Bxe3 44. Nf3 Qe7 45.
Re1 Kg7 46. Rf1 Qd6 47. Qd3 Rf6 48. Ne1 Qa3 49. Rxf6 Kxf6 50. h4 Qc1 51.
Qe2 Qb1 52. Nd3 Qg1+ 53. Kh3 Qh1+ 0-1

[Event "Open"]
[Site "Pula CRO"]
[Date "2009.06.29"]
[Round "3"]
[White "Saric,Iv"]
[Black "Deslandes,P"]
[Result "1-0"]
[WhiteElo "2576"]
[BlackElo "2307"]
[EventDate "2009.06.27"]

1. e4 e6 2. d4 d5 3. Nc3 Bb4 4. e5 c5 5. a3 Bxc3+ 6. bxc3 Ne7 7. Qg4 O-O 8.
Bd3 f5 9. exf6 Rxf6 10. Bg5 Rf7 11. Qh5 g6 12. Qd1 Nbc6 13. Nf3 Qf8 14. O-O
c4 15. Be2 h6 16. Bc1 Bd7 17. a4 Rd8 18. Qd2 Kh7 19. Ba3 Bc8 20. Rfe1 Qg7
21. Bf1 Nf5 22. Ne5 Nxe5 23. Rxe5 Nh4 24. Be2 Rf5 25. Qe3 Rxe5 26. Qxe5
Qxe5 27. dxe5 g5 28. a5 Kg6 29. g3 Nf5 30. Bc5 a6 31. Rb1 h5 32. Rb6 Nh6
33. h3 Nf7 34. Be7 Re8 35. Bf6 Nh6 36. f4 gxf4 37. gxf4 Ng8 38. Bg5 Ne7 39.
Kf2 Nc6 40. Bf6 Rg8 41. Rb1 Kf5 42. Ke3 Rg3+ 43. Bf3 d4+ 44. cxd4 Nxd4 45.
Kxd4 Rxf3 46. Kxc4 Rxf4+ 47. Kc5 Ra4 48. c4 Rxa5+ 49. Kb6 Ra4 50. Rc1 Rb4+
51. Kc7 b5 52. c5 Rc4 53. Rf1+ Ke4 54. Kxc8 Rxc5+ 55. Kd7 b4 56. Kxe6 b3
57. Kd6 Rd5+ 58. Kc6 1-0

[Event "Open"]
[Site "Pula CRO"]
[Date "2009.06.29"]
[Round "3"]
[White "Cela,S"]
[Black "Zelcic,R"]
[Result "1/2-1/2"]
[WhiteElo "2304"]
[BlackElo "2555"]
[EventDate "2009.06.27"]

1. e4 Nf6 2. e5 Nd5 3. d4 d6 4. Nf3 Nb6 5. exd6 cxd6 6. Bd3 Bg4 7. h3 Bh5
8. O-O e6 9. Nbd2 Nc6 10. c3 Be7 11. Ne4 d5 12. Ng3 Bg6 13. Bf4 O-O 14. Re1
Rc8 15. Bxg6 hxg6 16. Nf1 Nc4 17. Qe2 b5 18. Ne3 Nxe3 19. Qxe3 b4 20. Rec1
Bf6 21. cxb4 Nxb4 22. Rxc8 Qxc8 23. Rc1 Qa6 24. a3 Nc6 25. b4 Rc8 26. Bd6
Kh7 27. Bc5 Qb5 28. h4 a5 29. Ng5+ Bxg5 30. hxg5 Ra8 31. Qf4 Kg8 32. Rc3
axb4 33. Rf3 Nd8 34. Bxb4 e5 35. Qxe5 Ne6 36. Rc3 Re8 37. Qe3 Qb8 38. Qd2
Nxd4 39. Re3 Rxe3 40. fxe3 Ne6 41. Qxd5 Qg3 42. Qa8+ Kh7 43. Qf3 Qc7 44.
Qd5 Qc2 45. Qe5 Qd1+ 46. Kf2 Qd8 47. Qd6 Qc8 48. Qe5 Kg8 49. Kg1 Qd8 50.
Bc3 Qd1+ 51. Kf2 Qc2+ 52. Kg1 Qc1+ 53. Kf2 Qxa3 54. Qb8+ Qf8 55. Qxf8+ Kxf8
56. Bb4+ Ke8 57. Bc3 Kd7 58. Ke2 Kd6 59. Kd3 Nc5+ 60. Ke2 Ne6 61. Kd3 Nc5+
62. Ke2 Ne6 63. Kd3 Nxg5 64. Bxg7 Kd5 65. Bh6 Ne4 66. Bf4 Nc5+ 67. Ke2 Ke4
68. Bd6 Na4 69. Bb4 Nb6 70. Bc5 Nd5 71. Ba7 Nc3+ 72. Kd2 Nb5 73. Bb6 Nd6
74. Ke2 Nc4 75. Ba7 Kf5 76. Kf3 Ne5+ 77. Kg3 Ke4 78. Kf2 f5 79. Ke2 Nc4 80.
Bc5 Na5 81. Bb6 Nb3 82. Ba7 Nc1+ 83. Kd2 Nd3 84. Ke2 g5 85. Bb6 g4 86. Bc7
Nb4 87. Bb8 Nd5 88. Ba7 Nf6 89. Bb8 Kd5 90. Kd3 Nd7 91. Bc7 Nc5+ 92. Ke2
Kc4 93. Bb8 Kc3 94. Bc7 Ne4 95. Bb8 Kc2 96. Be5 Nc5 97. Bb8 Nd3 98. Ba7
Nc1+ 99. Kf2 Kd3 100. Bb6 Na2 101. Kg3 Ke4 102. Kf2 Nc3 103. Ba7 Kd3 104.
Kg3 Nd5 105. Kf2 Ne7 106. Bb6 Ng6 107. Bc7 Nf8 108. Bb6 Nd7 109. Ba7 Nf6
110. Kg3 Nd5 111. Kf2 Nc3 112. Kg3 Ke4 113. Kf2 Nb5 114. Bb6 Nd6 115. Ba7
Kd5 116. Ke2 Kc4 117. Bb8 Ne4 118. Be5 Ng5 119. Bf6 Ne4 1/2-1/2

[Event "Open"]
[Site "Pula CRO"]
[Date "2009.06.29"]
[Round "3"]
[White "Perhinig,R"]
[Black "Jovanic,O"]
[Result "0-1"]
[WhiteElo "2300"]
[BlackElo "2539"]
[EventDate "2009.06.27"]

1. d4 d5 2. c4 dxc4 3. e3 Nf6 4. Bxc4 e6 5. Nf3 a6 6. O-O Nbd7 7. Nc3 b5 8.
Be2 Bb7 9. b3 c5 10. Bb2 Be7 11. dxc5 Bxc5 12. Nd2 O-O 13. Bf3 Bxf3 14.
Nxf3 Rc8 15. Ng5 Be7 16. Qd3 Nc5 17. Qxd8 Rfxd8 18. Ba3 Kf8 19. Rfd1 Rxd1+
20. Rxd1 h6 21. Nf3 Nce4 22. Nxe4 Nxe4 23. Bxe7+ Kxe7 24. Ne1 Nc3 25. Rd2
b4 26. f3 a5 27. Kf2 Rd8 28. Rc2 Rd1 29. e4 f6 30. g3 Kd6 31. Ng2 Ra1 32.
Ne3 Kc5 33. a4 Rb1 34. Nc4 Rxb3 35. Nxa5 Ra3 36. Nb7+ Kc4 0-1

[Event "Open"]
[Site "Pula CRO"]
[Date "2009.06.29"]
[Round "3"]
[White "Cvitan,O"]
[Black "Dietmayer Kraeutler,M"]
[Result "1-0"]
[WhiteElo "2523"]
[BlackElo "2302"]
[EventDate "2009.06.27"]

1. d4 d5 2. c4 e6 3. Nc3 Nf6 4. Bg5 c6 5. e3 Nbd7 6. cxd5 exd5 7. Bd3 Be7
8. Qc2 O-O 9. Nge2 Re8 10. O-O Nf8 11. f3 Nh5 12. Bxe7 Qxe7 13. e4 dxe4 14.
fxe4 Bg4 15. e5 Qg5 16. Rf2 Re7 17. Raf1 Rd8 18. Ne4 Qe3 19. Nd6 g6 20. Bc4
Rdd7 21. Qc3 Qxc3 22. bxc3 Be6 23. Bxe6 Nxe6 24. g4 Nhg7 25. Ng3 Rc7 26.
Nge4 Nd8 27. Nf6+ Kh8 28. Rf3 Nge6 29. Kh1 Ng5 30. Rg3 h6 31. h4 Nh7 32.
Rgf3 Nxf6 33. Rxf6 Kg7 34. Kg2 c5 35. h5 Rcd7 36. R1f3 cxd4 37. cxd4 Ne6
38. hxg6 fxg6 39. Rd3 Ng5 40. Rc3 Nf7 41. Rc8 Nxd6 42. Rxd6 Rc7 43. Rxc7
Rxc7 44. Kf3 Rf7+ 45. Ke4 h5 46. e6 Rf1 47. Rd7+ Kh6 48. gxh5 gxh5 49. Rxb7
h4 50. Rxa7 Kg6 51. Ra8 Kg7 52. Ra3 Kf6 53. Rf3+ Rxf3 54. Kxf3 Kxe6 55. a4
h3 56. a5 1-0